MARC details
| 000 -CABECERA |
| campo de control de longitud fija |
01872nam a2200301 a 4500 |
| 001 - NÚMERO DE CONTROL |
| campo de control |
000038078 |
| 003 - IDENTIFICADOR DEL NÚMERO DE CONTROL |
| campo de control |
DO-SdBNP |
| 005 - FECHA Y HORA DE LA ÚLTIMA TRANSACCIÓN |
| campo de control |
20220214185008.0 |
| 008 - DATOS DE LONGITUD FIJA--INFORMACIÓN GENERAL |
| campo de control de longitud fija |
130313s2008 dr 000 0 spa d |
| 020 ## - NÚMERO INTERNACIONAL ESTÁNDAR DEL LIBRO |
| Número Internacional Estándar del Libro |
9789945865134 |
| 040 ## - FUENTE DE LA CATALOGACIÓN |
| Centro catalogador/agencia de origen |
DO-SdBNP |
| Lengua de catalogación |
spa |
| Centro/agencia transcriptor |
BNPHU |
| 082 #4 - NÚMERO DE LA CLASIFICACIÓN DECIMAL DEWEY |
| Número de clasificación |
342.7293083 |
| Número de documento/Ítem |
R332m |
| 245 00 - MENCIÓN DE TÍTULO |
| Título |
Reforma y modernización del sistema político dominicano. |
| 260 ## - PUBLICACIÓN, DISTRIBUCIÓN, ETC. |
| Lugar de publicación, distribución, etc. |
Santo Domingo : |
| Nombre del editor, distribuidor, etc. |
FLASCO : |
| -- |
CONARE, |
| Fecha de publicación, distribución, etc. |
2008. |
| 300 ## - DESCRIPCIÓN FÍSICA |
| Extensión |
4v. ; |
| Dimensiones |
22 cm. |
| 500 ## - NOTA GENERAL |
| Nota general |
Incluye referencias bibliográficas y notas al pie de las páginas |
| 505 ## - NOTA DE CONTENIDO CON FORMATO |
| Información miscelánea |
v.1. : 1o. Panel-- |
| Título |
Separación de poderes y sistemas de control: los poderes del estado en la reforma constitucional de la República Dominicana / |
| Mención de responsabilidad |
Cristóbal Rodríguez Gómez |
| Información miscelánea |
v. 2. : 2o. Panel-- |
| Título |
El papel de los partidos políticos en la construcción de la transparencia en la administración pública-- |
| Información miscelánea |
v.3. : 3o. Panel- |
| Título |
Nacionalidad, ciudadanía y reforma constitucional en la República Dominicana de principios del siglo XXI / |
| Mención de responsabilidad |
Wilfredo Lozano |
| Información miscelánea |
v.4. : 4o. Panel-- |
| Título |
Ley de acceso a la información: balance y analisís. |
| 590 ## - NOTA LOCAL (RLIN) |
| Nota local |
Inventariado, 2018/VM |
| 650 #4 - PUNTO DE ACCESO ADICIONAL DE MATERIA--TÉRMINO DE MATERIA |
| Término de materia o nombre geográfico como elemento de entrada |
Ciudadanía |
| Subdivisión geográfica |
República Dominicana |
| 9 (RLIN) |
64470 |
| 650 #4 - PUNTO DE ACCESO ADICIONAL DE MATERIA--TÉRMINO DE MATERIA |
| Término de materia o nombre geográfico como elemento de entrada |
Reforma judicial |
| Subdivisión geográfica |
República Dominicana |
| 9 (RLIN) |
56230 |
| 651 #4 - PUNTO DE ACCESO ADICIONAL DE MATERIA--NOMBRE GEOGRÁFICO |
| Nombre geográfico |
República Dominicana |
| Subdivisión general |
Derecho constitucional |
| 9 (RLIN) |
9303 |
| 700 1# - PUNTO DE ACCESO ADICIONAL--NOMBRE DE PERSONA |
| Nombre de persona |
Rodríguez Gómez, Cristóbal |
| Título de la obra |
Separación de poderes y sistemas de control: los poderes del estado en la reforma constitucional de la República Dominicana |
| 9 (RLIN) |
64471 |
| 700 1# - PUNTO DE ACCESO ADICIONAL--NOMBRE DE PERSONA |
| Nombre de persona |
Lozano, Wilfredo. |
| Título de la obra |
Nacionalidad, ciudadanía y reforma constitucional en la República Dominicana de principios del siglo XXI |
| 9 (RLIN) |
64472 |
| 710 2# - PUNTO DE ACCESO ADICIONAL--NOMBRE DE ENTIDAD CORPORATIVA |
| Nombre de entidad corporativa o nombre de jurisdicción como elemento de entrada |
Facultad Latinoamericcana de Ciencias Sociales |
| 9 (RLIN) |
64473 |
| 710 1# - PUNTO DE ACCESO ADICIONAL--NOMBRE DE ENTIDAD CORPORATIVA |
| Nombre de entidad corporativa o nombre de jurisdicción como elemento de entrada |
República Dominicana. |
| Unidad subordinada |
Consejo Nacional de Administración del Estado |
| 9 (RLIN) |
56231 |
| 910 ## - DATOS DE OPCIÓN DEL USUARIO (OCLC) |
| Datos de opción del usuario |
Validado. Control de calidad. MFF |
| 942 ## - ELEMENTOS DE PUNTO DE ACCESO ADICIONAL (KOHA) |
| Fuente del sistema de clasificación o colocación |
Dewey Decimal Classification |
| Tipo de ítem Koha |
Libro |